000 00640nam a2200253 a 4500
001 14316
003 BD-JhCC
005 20250303102722.0
008 250302b19662018e a|||| ||a| 001 0 eng d
020 _a9780241338957
035 _a(BD-JhCC)14316
040 _aBD-JhCC
_dBD-JhCC
041 _aenglish
082 _a808.83
_bSTE 2018
100 _a Steinbeck,John
245 _aThe Vigilante /
_cJohn Steinbeck.
260 _aNew York:
_bPenguin Books;
_c2018.
300 _a64 p. :
_c16 cm.
490 _aPenguin Modern: 18
500 _aPenguin Modern: 18
650 _a English Short stories
942 _2ddc
_cBK
999 _c14316
_d14316